000 00380nam a2200133Ia 4500
008 240624s9999 xx 000 0 und d
041 _aeng
082 _a346.08215 GLE
100 _aGLEESON SIMON
245 _aINTERNATIONAL REGULATION OF BANKING BASEL II CAPITAL AND
260 _c2010
_aOxford
_bOxford International
300 _axxvi, : 392 : p. : cm. ; 23
365 _cGBP
_b29
999 _c22535
_d22535